|
|
|
|
| LEADER |
00000nab a2200000 a 4500 |
| 001 |
vtls000674175 |
| 003 |
SK-MaSNL |
| 005 |
20260305015551.0 |
| 008 |
040806c1998 xo 0 slo |
| 015 |
|
|
|a SNBRB1998/10-27411
|
| 035 |
|
|
|a CLN000026351
|
| 040 |
|
|
|a SNKBUCL
|b slo
|c SNKBUCL
|e AACR2
|
| 041 |
0 |
|
|a slo
|
| 044 |
|
|
|a xo
|c SK
|
| 080 |
|
|
|a 354.11(437.6)
|2 UDC-MRF-SK2
|
| 100 |
1 |
|
|a Kohútková, Zuzana
|4 aut
|9 847657
|
| 245 |
1 |
0 |
|a Demisia Kramplovej
|c Zuzana Kohútková
|
| 300 |
|
|
|b Fotogr.
|
| 600 |
1 |
7 |
|a Kramplová, Zdenka,
|d 1957-
|2 snkbucl
|
| 610 |
|
7 |
|a Slovensko.
|b Ministerstvo zahraničných vecí
|2 snkbucl
|9 112646
|
| 655 |
|
7 |
|a články z novín a časopisov
|2 snkbucl
|9 267496
|
| 773 |
0 |
|
|t Pravda
|g Roč. 8, č. 226 (1.10.1998), s. 1-2
|
| 850 |
|
|
|a Slovenská národná knižnica v Martine
|
| 852 |
|
|
|a SNK
|b KIS3GCP
|
| 999 |
|
|
|c 3275913
|d 3277843
|